01612nam a22002417a 4500003000500000005001700005008004100022020001800063037001600081040003800097041000800135082001300143100003500156245009100191260003800282300005300320520083400373521001401207650003901221650003801260650002801298700004401326OSt.20250710125331.0231218b |||||||| |||| 00| 0 eng d a9789583043543 3Donación  aCO-JMCR cCO-JMCR dCO-JMCR erda aspa aN bLEAh aLeal Quevedo, Franciscoeautor aEl huevo del fin del mundo / cFrancisco Leal Quevedo; ilustraciones Helena Melo Tovar aBogotá : bPanamericana, c2014 a205 páginas ; bIlustraciones a color c20 cm  a"Las nieves perpetuas del Fin del Mundo parecen estar llenas de grandes sorpresas. Con frecuencia ocurren allí fascinantes descubrimientos científicos. Soler decide explorarlas, luego de una gran tormenta que ha sacudido las entrañas de la tierra. De pronto, oculto entre las rocas, encuentra un extraño huevo que parece estar incubando un insólito ser vivo. ¿Le traerá su descubrimiento fama y fortuna? ¿Qué saldrá de ese huevo: un ave, un insecto, un reptil? ¿O quizás un dinosaurio? Soler y su abuelo quieren adivinarlo antes de que sea demasiado tarde. Súbitamente las fascinantes pesquisas toman un rumbo inesperado. ¿Han regresado animales que habían desaparecido de la faz del planeta? Tras el hallazgo hay otras personas interesadas en aprovechar el gran descubrimiento que ocurrirá pronto..." aInfantil  2JMCRaCuentos juveniles yColombia 2JMCRaNovela infantil Colombiana  2JMCRaFantasiavNovela  aFonseca Leal, Raquel MireyaeIlustrador